| 000 | 00423pam a2200157a 44500 | ||
|---|---|---|---|
| 008 | 230515b2002 xxu||||| |||| 00| 0 eng d | ||
| 020 | _aNULL | ||
| 041 | _aENGL | ||
| 082 | _a620.001515353/ DES. | ||
| 100 | _aDESAI C.S. & ABEL J.F. | ||
| 245 | _aINTRODUCTION TO THE FINITE ELEMENT METHOD: A NUMERICAL METHOD FOR ENGI. ANALYSIS | ||
| 250 | _aN.D. | ||
| 260 |
_aNULL _bC.B.S _c2002 |
||
| 300 | _a477 PB | ||
| 650 | _aNULL | ||
| 999 |
_c654183 _d654183 |
||